[Event "Berlin Neukoelln op 10th"]
[Site "Berlin"]
[Date "2004.06.04"]
[Round "7"]
[White "Kleemeyer, Olaf"]
[Black "Bornschein, Burkhard"]
[Result "0-1"]
[WhiteElo "1610"]
[BlackElo "1987"]
[PlyCount "56"]
[EventDate "2004.04.25"]
[EventType "swiss"]
[EventRounds "7"]
[EventCountry "GER"]
[SourceTitle "EXT 2022"]
[Source "ChessBase"]
[SourceDate "2021.10.06"]
[SourceVersion "1"]
[SourceVersionDate "2021.10.06"]
[SourceQuality "1"]

1. e4 c5 2. c3 Nf6 3. e5 Nd5 4. d4 cxd4 5. Nf3 Nc6 6. cxd4 e6 7. Bc4 Nb6 8. Bb3 d5 9. Nc3 a6 10. 0-0 Qc7 11. Be3 Nc4 12. Bxc4 dxc4 13. Qa4 Bb4 14. d5 Bxc3 15. dxc6 b5 16. Qc2 Bxe5 17. Rad1 Bf6 18. Nd4 e5 19. Nf5 Bxf5 20. Qxf5 Qxc6 21. Rfe1 0-0 22. Bd2 Rfe8 23. Bb4 Re6 24. Re4 g6 25. Qf3 a5 26. Bd2 Rd8 27. Qe2 Red6 28. Rg4 Qd7 0-1

[Event "Berlin Neukoelln op 10th"]
[Site "Berlin"]
[Date "2004.04.30"]
[Round "2"]
[White "Kleemeyer, Olaf"]
[Black "Polyanskykh, Igor"]
[Result "1-0"]
[WhiteElo "1610"]
[BlackElo "1149"]
[PlyCount "73"]
[EventDate "2004.04.25"]
[EventType "swiss"]
[EventRounds "7"]
[EventCountry "GER"]
[SourceTitle "EXT 2022"]
[Source "ChessBase"]
[SourceDate "2021.10.06"]
[SourceVersion "1"]
[SourceVersionDate "2021.10.06"]
[SourceQuality "1"]

1. d4 d5 2. c4 e6 3. Nc3 Nf6 4. cxd5 Nxd5 5. e4 Nxc3 6. bxc3 c5 7. Nf3 Nc6 8. Bb5 Bd7 9. 0-0 Be7 10. Bf4 a6 11. Ba4 b5 12. Bc2 Rc8 13. d5 exd5 14. exd5 Na5 15. Re1 0-0 16. Qd3 f5 17. Re2 c4 18. Qd2 Qb6 19. Rae1 Bf6 20. Ne5 Bxe5 21. Bxe5 Rce8 22. Qg5 Qg6 23. Qxg6 hxg6 24. f4 Nb7 25. Re3 Re7 26. Rg3 Be8 27. Bd1 Bf7 28. Bf3 Rd8 29. Rd1 Red7 30. d6 Nxd6 31. Bc6 Rc7 32. Bd5 Rcd7 33. Rxg6 Bxd5 34. Rxd5 Ne4 35. Rxg7+ Rxg7 36. Rxd8+ Kf7 37. Rd7+ 1-0

[Event "Berlin SF Neukoelln op 3rd"]
[Site "Berlin"]
[Date "2004.02.25"]
[Round "3"]
[White "Lauber, Alexander"]
[Black "Kleemeyer, Olaf"]
[Result "0-1"]
[WhiteElo "1798"]
[BlackElo "1558"]
[PlyCount "65"]
[EventDate "2004.02.07"]
[EventType "swiss"]
[EventRounds "7"]
[EventCountry "GER"]
[SourceTitle "EXT 2022"]
[Source "ChessBase"]
[SourceDate "2021.10.06"]
[SourceVersion "1"]
[SourceVersionDate "2021.10.06"]
[SourceQuality "1"]

1. e4 e6 2. d3 d5 3. Nd2 c5 4. Ngf3 Nc6 5. g3 Nf6 6. Bg2 Be7 7. 0-0 0-0 8. Re1 b5 9. h4 dxe4 10. dxe4 e5 11. c3 Bg4 12. Qc2 Qd7 13. Nf1 Rfd8 14. Ne3 Qc7 15. Nxg4 Nxg4 16. Nh2 Nxh2 17. Kxh2 Rd6 18. f4 Rad8 19. Be3 c4 20. Qf2 Rd3 21. Rf1 Bf6 22. Rae1 exf4 23. gxf4 Qe7 24. Re2 Bxh4 25. Qf3 R8d6 26. Bh3 b4 27. Rg1 g6 28. cxb4 Nd4 29. Qg4 Nxe2 30. Bc5 Nxg1 31. e5 Nf3+ 32. Kg2 Rd2+ 33. Kxf3 0-1